Sobre el concepto de deber jurídico
Guardat en:
| Autor principal: | |
|---|---|
| Format: | Llibre |
| Idioma: | espanyol |
| Publicat: |
Buenos Aires
Abeledo-Perrot
1966
|
| Col·lecció: | Nueva Teoría
|
| Matèries: | |
| Etiquetes: |
Afegir etiqueta
Sense etiquetes, Sigues el primer a etiquetar aquest registre!
|
MARC
| LEADER | 00000nam a2200000 a 4500 | ||
|---|---|---|---|
| 001 | UCV1586 | ||
| 003 | CL-VaPUC | ||
| 008 | 900828e19660000AG |||||||||||||||||spa|d | ||
| 082 | 0 | 4 | |a 340.109 |b CAR |2 21 |
| 100 | |a Carrió, Genaro R |e author |9 297754 | ||
| 245 | 1 | 0 | |a Sobre el concepto de deber jurídico |
| 300 | |a 57 p | ||
| 942 | |c BK | ||
| 945 | |d 19900828 00:00:00 | ||
| 260 | |a Buenos Aires |b Abeledo-Perrot |c 1966 | ||
| 650 | 7 | |a INTERPRETACION DEL DERECHO |2 CL-VaPUC |9 295867 | |
| 583 | |a last modification |c 20161003 01:06:24 |k Rodrigo Vera | ||
| 490 | 0 | |a Nueva Teoría | |
| 999 | |c 209509 |d 209507 | ||
| 952 | |0 0 |1 0 |4 0 |6 340_109000000000000_CAR_1966 |7 0 |8 DER_TF |9 184940 |a BIBDER |b BIBDER |d 2019-11-14 |i 2522675 |l 1 |o 340.109 CAR 1966 |p 2522675 |r 2023-01-25 |s 2020-03-18 |w 2019-11-14 |x Ubicación 4to Piso |y BK |z Estos recursos deben solicitarse con anticipación |k DER | ||